000 00569nam a2200205Ia 4500
003 GCL
008 140319s9999 xx 000 0 ara d
040 _aGCL /
_cGCL
082 0 4 _a819.9
_bج ر
245 1 0 _aرمل وزبد
490 _a
650 0 4 _aالادب العربى
650 0 4 _aالنقد
650 0 4 _aالنثر العربى
650 0 4 _aجبران خليل جبران
650 0 4 _aتاريخ ونقد
650 0 4 _aالبلاغة العربية,العصر الحديث
650 0 4 _aالادب العربى - المهجر
942 _2ddc
_cBK
999 _c37956
_d37956